000 00412nam a2200133Ia 4500
008 240719s9999 xx 000 0 und d
041 _aeng
082 _a658.4063 HIC
100 _aHickman, Craig R.
245 _aAn Innovators Tale A New Perspectives For Accelerating Creative Breakthroughs
260 _aNew York
_bWiely
_c2002
300 _a229.; P. 24.Cm
520 _aGifted By : IMT Faculty Dr.senthil kumar
999 _c41236
_d41236